Bilančné pravidlá ako nástroj optimalizácie finančnej a kapitálovej štruktúry a ich praktická aplikácia

Bilančné pravidlá ako jeden z nástrojov optimalizácie finančnej a kapitálovej štruktúry. Praktická aplikácia bilančných pravidiel v podmienkach spoločnosti MPC CESSI a. s. Zlaté bilančné pravidlo. Pravidlo vyrovnania rizika. Pari pravidlo. Pomerové (rastové) pravidlo.

Salvato in:
Dettagli Bibliografici
Autore principale: Freňáková, Magdaléna, 1981-
Altri autori: Baldovský, Martin
Natura: Capitolo di libro
Lingua:slovacco
Soggetti:
Tags: Aggiungi Tag
Nessun Tag, puoi essere il primo ad aggiungerne!!

MARC

LEADER 00000nla a2200000 4500
001 0238522
005 20240502073848.1
041 0 |a slo 
044 |a SK 
245 1 0 |a Bilančné pravidlá ako nástroj optimalizácie finančnej a kapitálovej štruktúry a ich praktická aplikácia  |c Magdaléna Freňáková, Martin Baldovský 
520 |a Bilančné pravidlá ako jeden z nástrojov optimalizácie finančnej a kapitálovej štruktúry. Praktická aplikácia bilančných pravidiel v podmienkach spoločnosti MPC CESSI a. s. Zlaté bilančné pravidlo. Pravidlo vyrovnania rizika. Pari pravidlo. Pomerové (rastové) pravidlo. 
610 2 0 |a financie podnikové 
610 2 0 |a štruktúra kapitálová 
610 2 0 |a bilancia finančná 
610 2 0 |a bilancia kapitálová 
610 2 0 |a optimalizácia 
610 2 0 |a majetok 
610 2 0 |a kapitál 
100 1 |a Freňáková, Magdaléna, 1981- 
700 1 |a Baldovský, Martin